Kontrola v kontexte priemyslu 4.0

Na minha lista:
Detalhes bibliográficos
Autor principal: Dědečková, Nina, 1994-
Formato: Capítulo de Livro
Idioma:eslovaco
inglês
Assuntos:
Tags: Adicionar Tag
Sem tags, seja o primeiro a adicionar uma tag!

MARC

LEADER 00000naa$a2200000$$$4500
001 0280971
005 20240502074349.8
041 0 |a slo 
041 0 |a eng 
044 |a SK 
245 1 0 |a Kontrola v kontexte priemyslu 4.0  |c Nina Dědečková 
500 |a abstrakt 
610 2 0 |a priemysel 
610 2 0 |a kontrola 
610 2 0 |a manažment 
610 2 0 |a technológie nové 
610 2 0 |a automatizácia výroby 
610 2 0 |a zdroje ľudské 
100 1 |a Dědečková, Nina, 1994-